Influjo de la mística, de Santa Teresa singularmente, sobre nuestro grande arte nacional (Record no. 114784)

MARC details
000 -LEADER
campo de control de longitud fija 01281nam a2200253 i 4500
001 - NÚMERO DE CONTROL
campo de control 114784
003 - IDENTIFICADOR DE NÚMERO DE CONTROL
campo de control ES-MaACL
005 - FECHA Y HORA DE LA ÚLTIMA TRANSACCIÓN
campo de control 20260406124813.0
007 - CAMPO FIJO DE DESCRIPCIÓN FÍSICA--INFORMACIÓN GENERAL
campo de control de longitud fija t|
008 - DATOS DE LONGITUD FIJA--INFORMACIÓN GENERAL
campo de control de longitud fija 070327s1913 sp f |||| | spa d
100 1# - ENTRADA PRINCIPAL--NOMBRE DE PERSONA
Nombre de persona Ríos, Blanca de los,
Fechas asociadas al nombre 1859-1956
9 (RLIN) 97357
245 10 - MENCIÓN DEL TÍTULO
Título Influjo de la mística, de Santa Teresa singularmente, sobre nuestro grande arte nacional
Resto del título : conferencia leída el 20 de febrero de 1913 por su autora Blanca de los Ríos de Lampérez en la Real Academia de Jurisprudencia a beneficio de la Sección de Protección al trabajo de la mujer.
260 ## - PUBLICACIÓN, DISTRIBUCIÓN, ETC.
Lugar de publicación, distribución, etc. Madrid :
Nombre del editor, distribuidor, etc. Unión de Damas Españolas,
Fecha de publicación, distribución, etc. [1913] (
Fabricante Hijos de M. G. Hernández)
300 ## - DESCRIPCIÓN FÍSICA
Extensión 57 p. :
Otras características físicas 1 retr. ;
Dimensiones 17 cm.
530 ## - NOTA DISPONIBLE DE FORMULARIO FÍSICO ADICIONAL
Nota de formato físico adicional disponible Disponible en formato digital.
600 04 - PUNTO DE ACCESO ADICIONAL DE MATERIA--NOMBRE DE PERSONA
Nombre de persona Teresa de Jesús,
Títulos y otros términos asociados al nombre Santa,
Fechas asociadas al nombre 1515-1582-
Subdivisión general Crítica e interpretación
9 (RLIN) 109738
650 ## - PUNTO DE ACCESO ADICIONAL DE MATERIA--TÉRMINO DE MATERIA
Término de materia o nombre geográfico como elemento de entrada Misticismo-
Subdivisión general En el arte.
9 (RLIN) 15088
700 ## - ENTRADA AGREGADA--NOMBRE PERSONAL
Nombre de persona Real Academia de Jurisprudencia y Legislación de España
9 (RLIN) 217612
710 2# - ENTRADA AGREGADA--NOMBRE DE ENTIDAD CORPORATIVA
Nombre de entidad corporativa o nombre de jurisdicción como elemento de entrada Unión de Damas Españolas.
9 (RLIN) 7009
852 ## - LOCALIZACIÓN
Ubicación ES-MaACL
Número de control de estantería 1549-F-9
itemnumber 119090
Ubicación en estantería Depósito folletos
Nota libre Revisado enlace: 28 de Marzo de 2025.
856 4# - LOCALIZACIÓN Y ACCESO ELECTRÓNICOS
Identificador Uniforme de Recursos <a href="http://bibliotecadigital.jcyl.es/i18n/consulta/registro.cmd?id=1856">http://bibliotecadigital.jcyl.es/i18n/consulta/registro.cmd?id=1856</a>
Texto de enlace Biblioteca Digital de Castilla y León
942 ## - ELEMENTOS DE ENTRADA SECUNDARIOS (KOHA)
Fuente del sistema de clasificación o colocación Clasificación decimal universal
Holdings
Estatus retirado Estado de pérdida Estado de daño No para préstamo Colección Biblioteca de origen Biblioteca actual Ubicación en estantería Fecha de adquisición Fuente de adquisición Total de préstamos Signatura topográfica completa Código de barras Visto por última vez Precio de reemplazo Tipo de ítem Koha
        Colección de folletos Biblioteca del Ateneo de Madrid Biblioteca del Ateneo de Madrid Depósito folletos 17/01/2008     1549-F-9 1119697 23/02/2023 23/02/2023 Folleto